000 00952nam a2200253 i 4500
001 bg
100 1 _aCYGAŃSKI, Andrzej
_d(1927- )
245 1 0 _aPodstawy metod elektroanalitycznych /
_cAndrzej Cygański.
250 _aWyd. 3 zm.
260 _aWarszawa :
_bWydawnictwa Naukowo-Techniczne,
_c1999.
300 _a559, [1] s. :
_brys., wykr ;
_c21 cm.
504 _aBibliogr. s. 547-553.
521 _aDla studentów wydziałów chemicznych wyższych uczelni i odpowiednich wydziałów akademii medycznych, a także dla uczniów szkół średnich o profilu chemicznym i pracowników laboratoriów kontrolno-analitycznych.
650 9 _aChemia analityczna ilościowa
_xmetody
650 9 _aElektrochemia
_xstosowanie
655 _aPodręczniki akademickie
020 _a8320423783
040 _cBPK
041 0 _apl
080 _a543.062:544.6](075.8)
920 _a83-204-2378-3
942 _cKS
008 s pl f |000 0 pol
999 _c40712
_d40712
856 _uhttp://koha.tu.koszalin.pl/cgi-bin/koha/opac-detail.pl?biblionumber=40712
_yKatalog online BPK